Turn waste into a resource (Record no. 82600)

MARC details
000 -LEADER
fixed length control field 00740cab a22001935a 4500
001 - CONTROL NUMBER
control field L150662
008 - FIXED-LENGTH DATA ELEMENTS--GENERAL INFORMATION
fixed length control field 100810e20100805xxk 000 0 eng d
035 ## - SYSTEM CONTROL NUMBER
System control number (Sirsi) u150662
041 0# - LANGUAGE CODE
Language code of text/sound track or separate title eng
100 1# - MAIN ENTRY--PERSONAL NAME
Personal name Whitten, Nick
245 00 - TITLE STATEMENT
Title Turn waste into a resource
Remainder of title the government wants the UK to be a zero-waste economy with up to 2,300 new facilities built
260 ## - PUBLICATION, DISTRIBUTION, ETC.
Date of publication, distribution, etc. 2010
490 ## - SERIES STATEMENT
Series statement Construction News
Volume/sequential designation (7179) 5 August 2010, 26-27(2)
520 ## - SUMMARY, ETC.
Summary, etc. Overview of government target; graph showing UK municipal waste disposal 2004-2008; a list of the top 30 waste projects yet to have contracts awarded.
590 ## - LOCAL NOTE (RLIN)
Local note KA
651 #4 - SUBJECT ADDED ENTRY--GEOGRAPHIC NAME
Geographic name United Kingdom
Chronological subdivision
690 ## - LOCAL SUBJECT ADDED ENTRY--TOPICAL TERM (OCLC, RLIN)
Topical term or geographic name as entry element ENVIRONMENTAL AND LAND CONSULTANCY-WASTE MANAGEMENT
942 ## - ADDED ENTRY ELEMENTS (KOHA)
Suppress in OPAC 0
Holdings
Withdrawn status Lost status Source of classification or shelving scheme Damaged status Not for loan Home library Current library Shelving location Date acquired Total Checkouts Full call number Barcode Date last seen Copy number Price effective from Koha item type
    Dewey Decimal Classification     London London Books 10/08/2010   L150662 150662-1001 06/08/2019 1 06/08/2019 Book